[Event "III Open A"]
[Site "Padova ITA"]
[Date "2000.12.07"]
[Round "6"]
[White "Mrdja, Milan"]
[Black "Manca, Federico"]
[Result "1-0"]
[WhiteElo "2431"]
[BlackElo "2396"]
[PlyCount "85"]
[EventDate "2000.12.02"]

1. e4 c5 2. Nf3 Nc6 3. d4 cxd4 4. Nxd4 g6 5. Nc3 Bg7 6. Be3 Nf6 7. Bc4 O-O 8.
Bb3 a5 9. O-O a4 10. Nxa4 Nxe4 11. Nb5 Ra6 12. c4 d6 13. Qe2 Nf6 14. Rad1 Ng4
15. Bg5 h6 16. Bc1 b6 17. Bc2 Nb4 18. Bb3 Nc6 19. a3 Be6 20. Nac3 Nge5 21. Nd5
Ra5 22. Be3 Bxd5 23. cxd5 Na7 24. Nd4 Qc7 25. h3 Qb7 26. Rfe1 Rc8 27. f4 Nd7
28. Bf2 Bf6 29. h4 Nf8 30. h5 Qd7 31. hxg6 Nxg6 32. Qf3 Kh7 33. Re2 Rac5 34.
Nc6 Nxc6 35. Bxc5 Na5 36. Bd4 Bxd4+ 37. Rxd4 Nxb3 38. Qxb3 Rc1+ 39. Kf2 Qf5 40.
Qe3 Qb1 41. Qe4 Rf1+ 42. Kg3 Qc1 43. Qc2 1-0

[Event "III Open A"]
[Site "Padova ITA"]
[Date "2000.12.07"]
[Round "6"]
[White "Rossato, Armando"]
[Black "Radulescu, Gheorghe"]
[Result "0-1"]
[WhiteElo "2201"]
[BlackElo "1902"]
[PlyCount "132"]
[EventDate "2000.12.02"]

1. d4 Nf6 2. Nc3 g6 3. Bg5 Bg7 4. e4 d6 5. e5 Nfd7 6. Nd5 f6 7. exf6 Nxf6 8.
Nxf6+ exf6 9. Be3 Nc6 10. h4 Qe7 11. Qd2 Bd7 12. O-O-O d5 13. Bb5 O-O-O 14.
Bxc6 Bxc6 15. Qa5 Kb8 16. Nf3 Qd7 17. Rd3 b6 18. Qd2 Bf8 19. Bf4 Bd6 20. Bxd6
Qxd6 21. Re1 Rde8 22. Rde3 Re4 23. g4 Rhe8 24. g5 Bb7 25. gxf6 Qxf6 26. Ng5
Rxe3 27. Rxe3 Rd8 28. Rf3 Qc6 29. Nf7 Re8 30. Ne5 Qa4 31. a3 Bc8 32. Qf4 Bf5
33. Re3 c5 34. Kb1 Kb7 35. Qh6 Qxd4 36. Qxh7+ Ka6 37. Nc6 Qd1+ 38. Ka2 Bxc2 39.
Qxa7+ Kb5 40. Nd4+ cxd4 41. a4+ Bxa4 42. Ra3 Qc2 43. Qd7+ Qc6 44. Qxc6+ Kxc6
45. Rxa4 Re4 46. Ra3 Rxh4 47. Rg3 Rh6 48. b4 Kb5 49. Kb3 Rh2 50. Rg5 Rh3+ 51.
Kc2 Kc4 52. Rxg6 b5 53. Rc6+ Kxb4 54. Kd2 Rc3 55. Rb6 Ra3 56. f4 Rf3 57. Rf6 d3
58. f5 Kc4 59. Rc6+ Kd4 60. f6 b4 61. Rb6 Rf2+ 62. Kd1 Kc5 63. Ra6 b3 64. Ra5+
Kc4 65. Ra8 b2 66. Rc8+ Kd4 0-1

[Event "III Open A"]
[Site "Padova ITA"]
[Date "2000.12.07"]
[Round "6"]
[White "Sabia, Corrado"]
[Black "Del Monaco, Andrea"]
[Result "1-0"]
[WhiteElo "2194"]
[BlackElo "2077"]
[PlyCount "83"]
[EventDate "2000.12.02"]

1. d4 d6 2. Nf3 g6 3. c4 Bg7 4. g3 e5 5. Nc3 Nd7 6. Bg2 Ne7 7. O-O O-O 8. e4
exd4 9. Nxd4 Nc6 10. Nde2 Nc5 11. f4 Be6 12. b3 Qd7 13. Rb1 a5 14. Be3 Rfd8 15.
Qc2 Bh3 16. Bxh3 Qxh3 17. a3 Re8 18. b4 axb4 19. axb4 Nxe4 20. Nxe4 Qe6 21.
N2c3 Bxc3 22. Qxc3 Qxe4 23. Rbe1 d5 24. cxd5 Nxb4 25. Bd2 Qxd5 26. Qxb4 c5 27.
Qc3 b5 28. Be3 Ra2 29. Bf2 Rc8 30. Re5 Qb7 31. Rfe1 Raa8 32. Rxc5 b4 33. Rxc8+
Rxc8 34. Qe5 Qc7 35. Qf6 Qc3 36. Qxc3 bxc3 37. Rc1 c2 38. Be3 Kg7 39. Kf2 Kf6
40. h3 h5 41. Re1 h4 42. Bd4+ 1-0

[Event "III Open A"]
[Site "Padova ITA"]
[Date "2000.12.07"]
[Round "6"]
[White "Solozhenkin, Evgeniy"]
[Black "Djuric, Stefan"]
[Result "1-0"]
[WhiteElo "2517"]
[BlackElo "2461"]
[PlyCount "113"]
[EventDate "2000.12.02"]

1. d4 Nf6 2. c4 g6 3. Nc3 Bg7 4. e4 O-O 5. f3 c6 6. Be3 d5 7. e5 Ne8 8. h4 dxc4
9. Bxc4 c5 10. f4 cxd4 11. Qxd4 Qxd4 12. Bxd4 Nc6 13. Be3 h5 14. Nf3 Bh6 15.
Kf2 Ng7 16. g3 Nf5 17. Bc5 b6 18. Ba3 Bb7 19. Rhd1 Rfd8 20. e6 f6 21. Rd7 Na5
22. Rad1 Re8 23. Bd5 Rab8 24. Bxb7 Nxb7 25. Nd5 Nc5 26. Bxc5 bxc5 27. b3 a5 28.
Nd2 Bg7 29. Ne4 a4 30. Nxc5 axb3 31. axb3 g5 32. b4 Ra8 33. Nc7 Ra2+ 34. R1d2
Rxd2+ 35. Rxd2 Rb8 36. Rd5 Nd6 37. hxg5 f5 38. N7a6 Rb6 39. Rd3 Kh7 40. Kf3 Nb5
41. Rd7 Nd4+ 42. Kg2 Nxe6 43. Rxe7 Nd4 44. Nc7 Rxb4 45. N7e6 Rb2+ 46. Kf1 h4
47. Nxd4 h3 48. Nf3 Kg6 49. Re2 Rb1+ 50. Re1 Rb5 51. Nd3 Rb3 52. Nde5+ Kh5 53.
Kf2 Rb2+ 54. Re2 Rb1 55. Rc2 Rb7 56. Rd2 Ra7 57. Nd7 1-0

[Event "III Open A"]
[Site "Padova ITA"]
[Date "2000.12.07"]
[Round "6"]
[White "Straub, Peter"]
[Black "Cacco, Christian"]
[Result "1/2-1/2"]
[WhiteElo "2086"]
[BlackElo "2267"]
[PlyCount "101"]
[EventDate "2000.12.02"]

1. d4 c5 2. d5 e5 3. e4 d6 4. Bd3 Nf6 5. Nc3 Be7 6. h3 Nbd7 7. Nf3 a6 8. a4 b6
9. Qe2 Nf8 10. g3 Ng6 11. Be3 h5 12. Bg5 Nh7 13. Bd2 h4 14. O-O-O Ng5 15. Ng1
Nh7 16. Rf1 Kf8 17. Nf3 Nf6 18. Nxh4 Nxh4 19. gxh4 Nh5 20. Qf3 Bxh4 21. b3 Bg5
22. Ne2 b5 23. Rhg1 Bxd2+ 24. Kxd2 Qa5+ 25. c3 c4 26. b4 Qd8 27. Bc2 Qf6 28.
Qxf6 Nxf6 29. Rg3 Nh5 30. Rf3 g5 31. Rg1 Rg8 32. Ra1 Rb8 33. axb5 axb5 34. Ra7
Rb7 35. Ra8 Kg7 36. Ra6 Rd8 37. Ng3 Nf4 38. Nf5+ Bxf5 39. exf5 Kf6 40. Be4 Rdd7
41. Rg3 Ra7 42. Rb6 Ra2+ 43. Bc2 Nxd5 44. Rxb5 Ne7 45. Rg4 Nxf5 46. Rxc4 d5 47.
Rc6+ Nd6 48. Kc1 Ra1+ 49. Bb1 Ke7 50. Rxd5 f6 51. b5 1/2-1/2

[Event "III Open A"]
[Site "Padova ITA"]
[Date "2000.12.07"]
[Round "6"]
[White "Van Hoolandt, Patrick"]
[Black "Bracaglia, Carlo"]
[Result "1-0"]
[WhiteElo "2169"]
[BlackElo "2134"]
[PlyCount "65"]
[EventDate "2000.12.02"]

1. c4 Nf6 2. g3 g6 3. Bg2 Bg7 4. Nc3 e5 5. Nf3 d6 6. O-O O-O 7. d3 Nc6 8. Rb1
a5 9. a3 Nh5 10. b4 axb4 11. axb4 Ne7 12. b5 f5 13. Qb3 Kh8 14. Bb2 h6 15. Ra1
Rb8 16. Ra7 g5 17. Nd2 g4 18. Rfa1 Ng6 19. Ra8 Rxa8 20. Rxa8 Qg5 21. Qd1 e4 22.
Nf1 exd3 23. f3 Ne5 24. Nd5 Nxc4 25. Bxg7+ Qxg7 26. Qxd3 Ne5 27. Qd4 Nf6 28.
Nd2 Nxd5 29. Qxd5 Qg8 30. b6 cxb6 31. Qxd6 Nxf3+ 32. Nxf3 gxf3 33. Qxh6+ 1-0

[Event "III Open A"]
[Site "Padova ITA"]
[Date "2000.12.08"]
[Round "7"]
[White "Bracaglia, Carlo"]
[Black "Alberton, Roberto"]
[Result "1/2-1/2"]
[WhiteElo "2134"]
[BlackElo "2147"]
[PlyCount "84"]
[EventDate "2000.12.02"]

1. e4 e5 2. Nf3 Nc6 3. Nc3 Nf6 4. d4 exd4 5. Nxd4 Bb4 6. Nxc6 bxc6 7. Bd3 d5 8.
exd5 cxd5 9. O-O O-O 10. Bg5 c6 11. Ne2 Bd6 12. Qd2 c5 13. c3 Bb7 14. Ng3 Re8
15. Rae1 Rxe1 16. Rxe1 Bxg3 17. hxg3 Qd6 18. Bc2 Qc6 19. f3 h6 20. Bxf6 Qxf6
21. Qe3 Qc6 22. Qe7 g6 23. Bxg6 Qxg6 24. Qxb7 Rd8 25. Qxa7 Qxg3 26. Qe7 Rb8 27.
Re2 d4 28. cxd4 cxd4 29. Qe4 Rc8 30. Qg4+ Qxg4 31. fxg4 d3 32. Rd2 Rc2 33. Rxd3
Rxb2 34. a3 Ra2 35. Kh2 Kg7 36. Kg3 Kg6 37. Kf3 Kg5 38. g3 Ra1 39. Rd5+ Kg6 40.
Rd3 Kg5 41. Rb3 Rf1+ 42. Ke2 Ra1 1/2-1/2

[Event "III Open A"]
[Site "Padova ITA"]
[Date "2000.12.08"]
[Round "7"]
[White "Cacco, Christian"]
[Black "Rossato, Armando"]
[Result "1-0"]
[WhiteElo "2267"]
[BlackElo "2201"]
[PlyCount "79"]
[EventDate "2000.12.02"]

1. d4 d5 2. Nf3 Nc6 3. Bf4 Bg4 4. Nbd2 Nf6 5. h3 Bh5 6. e3 e6 7. Be2 Bd6 8.
Bxd6 cxd6 9. c4 O-O 10. O-O dxc4 11. Nxc4 Ne4 12. d5 Ne7 13. dxe6 fxe6 14. Nd4
Bf7 15. Qd3 Nc5 16. Qa3 a6 17. Rad1 Nd5 18. Nb3 Rc8 19. Bf3 b5 20. Nxc5 Rxc5
21. Nd2 Bg6 22. Bg4 Qf6 23. Qxa6 h5 24. Bf3 Qe5 25. a4 Bd3 26. Nb3 Nb4 27. Qa5
Rc4 28. Nd2 Rh4 29. g3 Rxh3 30. Qxb4 Rxg3+ 31. fxg3 Qxg3+ 32. Bg2 Qxe3+ 33. Kh1
Bxf1 34. Nxf1 Qe2 35. Re1 Qf2 36. Qe4 Rf4 37. Qxe6+ Kh8 38. Qe8+ Kh7 39. Qxh5+
Kg8 40. Re8+ 1-0

[Event "III Open A"]
[Site "Padova ITA"]
[Date "2000.12.08"]
[Round "7"]
[White "Danieli, Enrico"]
[Black "Straub, Peter"]
[Result "0-1"]
[WhiteElo "2096"]
[BlackElo "2086"]
[PlyCount "76"]
[EventDate "2000.12.02"]

1. Nf3 Nf6 2. d4 e6 3. e3 b6 4. Bd3 Bb7 5. O-O Be7 6. b3 O-O 7. Bb2 c5 8. c4 d5
9. Nc3 cxd4 10. exd4 Nc6 11. Qe2 Rc8 12. Rac1 Nb4 13. Bb1 dxc4 14. bxc4 Bxf3
15. gxf3 Qc7 16. Ne4 Nh5 17. Kh1 Nf4 18. Qe3 f5 19. Nd2 Bf6 20. Rfe1 Nc6 21. a4
Rfe8 22. Ba2 Nb4 23. Bb1 Rcd8 24. Bc3 Nc6 25. Nb3 Nh3 26. Rcd1 Bg5 27. Qe2 Bh4
28. Rf1 Qf7 29. c5 Ne7 30. Ba2 Nd5 31. Bd2 Qg6 32. Rg1 Nxf2+ 33. Qxf2 Bxf2 34.
Rxg6 hxg6 35. a5 bxc5 36. dxc5 Nc3 37. Bxc3 Rxd1+ 38. Kg2 Be3 0-1

[Event "III Open A"]
[Site "Padova ITA"]
[Date "2000.12.08"]
[Round "7"]
[White "Djuric, Stefan"]
[Black "Mrdja, Milan"]
[Result "1-0"]
[WhiteElo "2461"]
[BlackElo "2431"]
[PlyCount "59"]
[EventDate "2000.12.02"]

1. Nf3 Nf6 2. c4 e6 3. g3 b6 4. Bg2 Bb7 5. O-O Be7 6. Nc3 O-O 7. Re1 c5 8. e4
d6 9. d4 cxd4 10. Nxd4 Qc8 11. Bf4 a6 12. Rc1 Nbd7 13. Nd5 exd5 14. Nf5 Re8 15.
Bxd6 Bxd6 16. Nxd6 Qc5 17. Nxe8 Rxe8 18. cxd5 Qb4 19. e5 Nxe5 20. d6 Bxg2 21.
Rxe5 Rxe5 22. Rc8+ Re8 23. Rxe8+ Nxe8 24. d7 Bc6 25. d8=Q Qe4 26. f3 Qe3+ 27.
Kg2 h5 28. Q8d3 Qe5 29. Q1c2 Qf6 30. Qdc3 1-0

[Event "III Open A"]
[Site "Padova ITA"]
[Date "2000.12.08"]
[Round "7"]
[White "Genocchio, Daniele"]
[Black "Sabia, Corrado"]
[Result "1-0"]
[WhiteElo "2201"]
[BlackElo "2194"]
[PlyCount "83"]
[EventDate "2000.12.02"]

1. e4 c5 2. Nf3 e6 3. d3 Nc6 4. g3 Nf6 5. Bg2 Be7 6. O-O d5 7. Qe2 O-O 8. e5
Nd7 9. c4 Nb6 10. Rd1 Qc7 11. Nc3 a6 12. Bf4 h6 13. h4 Rd8 14. Rac1 Bf8 15. b3
dxc4 16. dxc4 Nd7 17. h5 Rb8 18. Ne4 b5 19. Nd6 b4 20. Rc2 Bb7 21. Nxb7 Qxb7
22. Rcd2 Qc7 23. Qe4 Be7 24. g4 Nf8 25. Rxd8 Rxd8 26. Rxd8 Nxd8 27. Nd2 Bg5 28.
Bxg5 hxg5 29. Qa8 a5 30. Ne4 Nc6 31. h6 Nxe5 32. h7+ Kxh7 33. Qxf8 Nxg4 34.
Qxc5 Qh2+ 35. Kf1 f6 36. Qd6 Qh4 37. Qxe6 Nh2+ 38. Kg1 g4 39. Qf5+ Kg8 40. Ng3
Qh6 41. Bd5+ Kh8 42. Qc8+ 1-0

[Event "III Open A"]
[Site "Padova ITA"]
[Date "2000.12.08"]
[Round "7"]
[White "Manca, Federico"]
[Black "Van Hoolandt, Patrick"]
[Result "1-0"]
[WhiteElo "2396"]
[BlackElo "2169"]
[PlyCount "65"]
[EventDate "2000.12.02"]

1. e4 e5 2. Nf3 Nc6 3. d4 exd4 4. Nxd4 Nf6 5. Nxc6 bxc6 6. e5 Qe7 7. Qe2 Nd5 8.
c4 Nb6 9. g3 Qe6 10. b3 Bb4+ 11. Bd2 Bxd2+ 12. Nxd2 O-O 13. Bg2 Ba6 14. O-O
Rae8 15. f4 f6 16. Nf3 c5 17. a4 Qe7 18. Qd2 Bb7 19. a5 Bxf3 20. Bxf3 Nc8 21.
exf6 gxf6 22. Rad1 Rd8 23. Rfe1 Qd6 24. Qc2 Qa6 25. Qf5 Nd6 26. Qg4+ Kh8 27.
Re7 Rg8 28. Qh4 Rg7 29. Qxf6 Rdg8 30. Bd5 Qc8 31. Bxg8 Qxg8 32. Rde1 a6 33.
Rxd7 1-0

[Event "III Open A"]
[Site "Padova ITA"]
[Date "2000.12.08"]
[Round "7"]
[White "Paragua, Mark"]
[Black "Chatalbashev, Boris"]
[Result "0-1"]
[WhiteElo "2412"]
[BlackElo "2494"]
[PlyCount "146"]
[EventDate "2000.12.02"]

1. e4 c5 2. Nf3 g6 3. d4 Bg7 4. dxc5 Qa5+ 5. Nc3 Bxc3+ 6. bxc3 Qxc3+ 7. Bd2
Qxc5 8. Rb1 Nf6 9. Bd3 d6 10. O-O Nbd7 11. Rb5 Qc7 12. Qa1 a6 13. Rbb1 e5 14.
Bc3 O-O 15. Nd2 Nh5 16. a4 Nc5 17. Nc4 Be6 18. Nb6 Rae8 19. Rfe1 Nf4 20. Bf1
Qc6 21. f3 f5 22. exf5 Rxf5 23. Bd2 Ref8 24. Qc3 Nd5 25. Nxd5 Bxd5 26. a5 Ne6
27. Qxc6 Bxc6 28. Rbd1 Nd4 29. Bc4+ d5 30. Bd3 e4 31. fxe4 dxe4 32. Bc4+ Bd5
33. Bc3 Bxc4 34. Bxd4 Bd5 35. h3 Bc6 36. Bb6 Kf7 37. Rd4 Ke6 38. Rd2 R8f7 39.
Red1 Rd5 40. Rxd5 Bxd5 41. Rd4 Ke5 42. Rd2 Bc6 43. Bf2 Bb5 44. Bd4+ Ke6 45. Rf2
Rd7 46. c3 Kd5 47. Rd2 Kc4 48. Kf2 Bc6 49. Ke3 Rd5 50. Ra2 Kb3 51. Ra1 Kb2 52.
Rf1 Rxa5 53. g4 Kb3 54. h4 Rd5 55. Kd2 Kc4 56. Ke3 a5 57. Rb1 Rb5 58. Ra1 h5
59. Rg1 a4 60. gxh5 gxh5 61. Rg2 a3 62. Ra2 Ra5 63. Bg7 Kb3 64. Ra1 a2 65. c4
Kxc4 66. Rc1+ Kd5 67. Ba1 Ra3+ 68. Kf2 Bb5 69. Rd1+ Rd3 70. Re1 Bc4 71. Rg1
Rf3+ 72. Kg2 b5 73. Rd1+ Rd3 0-1

[Event "III Open A"]
[Site "Padova ITA"]
[Date "2000.12.08"]
[Round "7"]
[White "Radulescu, Gheorghe"]
[Black "Caruso, Augusto"]
[Result "0-1"]
[WhiteElo "1902"]
[BlackElo "2287"]
[PlyCount "84"]
[EventDate "2000.12.02"]

1. d4 e6 2. Nf3 f5 3. g3 Nf6 4. Bg2 Be7 5. O-O O-O 6. Nbd2 Nc6 7. b3 Qe8 8. Re1
Qg6 9. Bb2 d6 10. c4 Bd7 11. Rc1 Rae8 12. Qc2 Qh5 13. a3 e5 14. dxe5 dxe5 15.
Bxe5 Bxa3 16. Bb2 Bc5 17. e3 Nb4 18. Qb1 Bc6 19. Nd4 Be4 20. Nxe4 fxe4 21. Rf1
Nd3 22. Rc2 Ng4 23. h3 Nge5 24. Bxe4 Qxh3 25. Bg2 Qh6 26. f4 Ng4 27. Bd5+ Kh8
28. Qd1 Nxb2 29. Qxg4 Rxe3 30. Rxb2 Bxd4 31. Rbf2 c6 32. f5 Bb6 33. Be6 Re5 34.
Kg2 Bxf2 35. Rxf2 Qe3 36. Rf4 Qe2+ 37. Qxe2 Rxe2+ 38. Kf3 Re1 39. Kf2 Re5 40.
Kf3 g6 41. g4 Kg7 42. b4 Rxe6 0-1

[Event "III Open A"]
[Site "Padova ITA"]
[Date "2000.12.08"]
[Round "7"]
[White "Skembris, Spyridon"]
[Black "Solozhenkin, Evgeniy"]
[Result "1-0"]
[WhiteElo "2475"]
[BlackElo "2517"]
[PlyCount "79"]
[EventDate "2000.12.02"]

1. d4 Nf6 2. c4 e6 3. Nf3 b6 4. g3 Ba6 5. Qa4 Bb7 6. Bg2 c5 7. dxc5 bxc5 8. Nc3
Be7 9. O-O O-O 10. Rd1 a6 11. Bf4 Ra7 12. Rd2 Nc6 13. Rad1 Qb6 14. b3 Nb4 15.
Bd6 Bc6 16. Bxe7 Bxa4 17. Nxa4 Qb8 18. Bd6 Rc7 19. Ne5 a5 20. Nxc5 Qa7 21. Bxf8
Kxf8 22. Ncxd7+ Nxd7 23. Nxd7+ Ke7 24. c5 Nd5 25. Ne5 Rxc5 26. Bxd5 exd5 27.
Nd3 Rc6 28. Nf4 g5 29. Nxd5+ Kf8 30. Ne3 Rc5 31. g4 h5 32. Nf5 Kg8 33. Rd8+ Kh7
34. R1d7 Rc7 35. Rd6 Rc1+ 36. Kg2 Qb7+ 37. f3 Rc6 38. R8d7 Qb6 39. Rxf7+ Kg8
40. Rxc6 1-0

[Event "III Open A"]
[Site "Padova ITA"]
[Date "2000.12.09"]
[Round "8"]
[White "Antoniacci, Riccardo"]
[Black "Bracaglia, Carlo"]
[Result "0-1"]
[WhiteElo "2065"]
[BlackElo "2134"]
[PlyCount "98"]
[EventDate "2000.12.02"]

1. e4 c6 2. Nc3 d5 3. Nf3 Bg4 4. h3 Bxf3 5. Qxf3 e6 6. d3 Nf6 7. Bg5 Be7 8. e5
Nfd7 9. Bxe7 Qxe7 10. Qg3 g6 11. d4 a6 12. Be2 c5 13. dxc5 Qxc5 14. f4 Nc6 15.
Qf2 Qb4 16. Rb1 Rc8 17. O-O h5 18. Qh4 Qe7 19. Qg3 Nd4 20. Bd3 Nc5 21. Qf2 Nf5
22. Bxf5 gxf5 23. Kh2 Rg8 24. Qe2 h4 25. Rg1 Rg3 26. Qd1 Ne4 27. Ne2 Rg6 28. c3
Rc4 29. Nd4 Kf8 30. Qe1 Kg7 31. Rc1 Rg3 32. Nf3 b5 33. Qe2 Kh6 34. Rc2 Rg8 35.
Qe1 Ng3 36. Nd4 Rgc8 37. Qf2 Ne4 38. Qe3 b4 39. Rgc1 bxc3 40. bxc3 Kh7 41. Qe1
Rg8 42. Nf3 Rg3 43. Rb1 Kg7 44. Rb3 Qc7 45. Rcb2 Rxc3 46. Rb7 Qc5 47. Nxh4 Rc1
48. Nxf5+ exf5 49. e6 Rxe1 0-1

[Event "III Open A"]
[Site "Padova ITA"]
[Date "2000.12.09"]
[Round "8"]
[White "Caruso, Augusto"]
[Black "Paragua, Mark"]
[Result "0-1"]
[WhiteElo "2287"]
[BlackElo "2412"]
[PlyCount "58"]
[EventDate "2000.12.02"]

1. d4 Nf6 2. Nf3 g6 3. Nc3 d5 4. Bg5 Ne4 5. Qd3 Nxg5 6. Nxg5 Bg7 7. h4 c5 8.
dxc5 d4 9. O-O-O Nc6 10. Qg3 h6 11. Nf3 Qa5 12. Nd5 O-O 13. a3 Qxc5 14. e4 dxe3
15. Nxe3 Be6 16. Qf4 b5 17. Ng4 Bxg4 18. Qxg4 Rfc8 19. Qe4 b4 20. Rd5 Bxb2+ 21.
Kxb2 bxa3+ 22. Kc1 Qc3 23. Bc4 a2 24. Bxa2 Qa3+ 25. Kd2 Qxa2 26. Rc1 Nb4 27.
Rd4 f5 28. Qb7 Rab8 29. Qxe7 Nxc2 0-1

[Event "III Open A"]
[Site "Padova ITA"]
[Date "2000.12.09"]
[Round "8"]
[White "Chatalbashev, Boris"]
[Black "Timoscenko, Gennadij A."]
[Result "1/2-1/2"]
[WhiteElo "2494"]
[BlackElo "2534"]
[PlyCount "66"]
[EventDate "2000.12.02"]

1. d4 d5 2. c4 e6 3. Nc3 Be7 4. Nf3 Nf6 5. Bg5 h6 6. Bh4 O-O 7. e3 Ne4 8. Bxe7
Qxe7 9. Rc1 Nxc3 10. Rxc3 c6 11. Qc2 Nd7 12. cxd5 exd5 13. Bd3 Re8 14. O-O Nf6
15. a3 Ne4 16. Bxe4 dxe4 17. Nd2 Bg4 18. Rc1 Rad8 19. Rc5 Rd5 20. b4 Bd7 21.
Qa4 a6 22. Qa5 Qg5 23. Qc7 Bh3 24. Qg3 Qxg3 25. hxg3 Bd7 26. Nc4 Be6 27. Nb6
Rdd8 28. a4 Kf8 29. b5 cxb5 30. axb5 Rd6 31. Nc4 Bxc4 32. R1xc4 b6 33. Rc7 axb5
1/2-1/2

[Event "III Open A"]
[Site "Padova ITA"]
[Date "2000.12.09"]
[Round "8"]
[White "Danieli, Enrico"]
[Black "Astengo, Marcello"]
[Result "1-0"]
[WhiteElo "2096"]
[BlackElo "2060"]
[PlyCount "95"]
[EventDate "2000.12.02"]

1. Nf3 d5 2. d4 c5 3. e3 Nc6 4. c4 Nf6 5. Nc3 Bf5 6. cxd5 Nxd5 7. a3 e6 8. Bb5
Nxc3 9. bxc3 Qa5 10. Qb3 Bd6 11. O-O O-O 12. Bb2 Qb6 13. Ba4 Qc7 14. c4 Be4 15.
dxc5 Bxc5 16. Ng5 Bf5 17. e4 Bg4 18. Nf3 Rfd8 19. Bxc6 bxc6 20. Qc3 f6 21. Rad1
Qb6 22. Qc2 e5 23. h3 Bh5 24. g4 Bf7 25. Rb1 Qa6 26. Nd2 Rd7 27. Nb3 Bf8 28.
Rfc1 Rad8 29. Qc3 Rd3 30. Qa5 Qc8 31. Rc3 Bxc4 32. Nc5 Rd1+ 33. Rxd1 Rxd1+ 34.
Kg2 Bf1+ 35. Kg3 h5 36. Qxa7 Bxc5 37. Qxc5 Bxh3 38. Qc4+ Kh7 39. Qe2 Bxg4 40.
f3 Rg1+ 41. Kh2 Rb1 42. fxg4 hxg4 43. Rc1 Rxc1 44. Bxc1 f5 45. exf5 Qxf5 46. a4
Qh5+ 47. Kg1 Qh4 48. Qh2 1-0

[Event "III Open A"]
[Site "Padova ITA"]
[Date "2000.12.09"]
[Round "8"]
[White "Mrdja, Milan"]
[Black "Quinn, Mark Peter"]
[Result "1/2-1/2"]
[WhiteElo "2431"]
[BlackElo "2381"]
[PlyCount "118"]
[EventDate "2000.12.02"]

1. e4 c5 2. Nf3 d6 3. d4 cxd4 4. Nxd4 Nf6 5. Nc3 a6 6. Bg5 e6 7. Qf3 Nbd7 8.
O-O-O Qc7 9. Be2 Be7 10. g4 b5 11. a3 Bb7 12. Qe3 Ne5 13. Rhg1 Nc4 14. Bxc4
Qxc4 15. f4 h6 16. Bh4 Rc8 17. Kb1 b4 18. axb4 Qxb4 19. Be1 Qc5 20. g5 hxg5 21.
Rxg5 Qb6 22. e5 Rxc3 23. Bxc3 Nd5 24. Qe1 Nxc3+ 25. Qxc3 Bxg5 26. fxg5 dxe5 27.
Nb3 O-O 28. Qxe5 Rc8 29. g6 Qc7 30. gxf7+ Qxf7 31. Nd4 Bd5 32. b3 Qg6 33. Kb2
Qg2 34. Re1 Qd2 35. Qe3 Qxh2 36. Rg1 Rc7 37. Rg3 Rb7 38. Qe5 Qh6 39. Nf5 Qh7
40. Nd6 Re7 41. Nc8 Rb7 42. Nd6 Re7 43. Qg5 Rd7 44. Qf4 Qh5 45. Re3 Qh6 46.
Qxh6 gxh6 47. Ne4 Bxe4 48. Rxe4 Kf7 49. Ra4 Rd6 50. c4 e5 51. c5 Rc6 52. b4 h5
53. Kc3 Re6 54. Kd3 e4+ 55. Ke3 Kf6 56. Ra1 Ke5 57. Rh1 Kd5 58. Rxh5+ Kc4 59.
Rh4 Kxb4 1/2-1/2

[Event "III Open A"]
[Site "Padova ITA"]
[Date "2000.12.09"]
[Round "8"]
[White "Naumkin, Igor"]
[Black "Van Hoolandt, Patrick"]
[Result "1/2-1/2"]
[WhiteElo "2440"]
[BlackElo "2169"]
[PlyCount "20"]
[EventDate "2000.12.02"]

1. d4 Nf6 2. Nf3 e6 3. c4 Bb4+ 4. Bd2 Qe7 5. g3 Nc6 6. Bg2 Bxd2+ 7. Nbxd2 d6 8.
O-O a5 9. e4 e5 10. d5 Nb8 1/2-1/2

[Event "III Open A"]
[Site "Padova ITA"]
[Date "2000.12.09"]
[Round "8"]
[White "Solozhenkin, Evgeniy"]
[Black "Rossi, Carlo"]
[Result "1/2-1/2"]
[WhiteElo "2517"]
[BlackElo "2436"]
[PlyCount "26"]
[EventDate "2000.12.02"]

1. e4 c5 2. Nf3 Nc6 3. d4 cxd4 4. Nxd4 Qb6 5. Nb3 Nf6 6. Nc3 e6 7. a3 a6 8. Be2
Be7 9. O-O O-O 10. Be3 Qc7 11. f4 d6 12. a4 b6 13. Bf3 Qb8 1/2-1/2

[Event "III Open A"]
[Site "Padova ITA"]
[Date "2000.12.09"]
[Round "8"]
[White "Straub, Peter"]
[Black "Del Monaco, Andrea"]
[Result "0-1"]
[WhiteElo "2086"]
[BlackElo "2077"]
[PlyCount "66"]
[EventDate "2000.12.02"]

1. d4 d6 2. c4 e5 3. e4 exd4 4. Qxd4 Nc6 5. Qe3 g6 6. Bd2 Bg7 7. Bc3 Nf6 8. Be2
O-O 9. Nd2 Re8 10. Qd3 Qe7 11. f3 Ne5 12. Qc2 c6 13. O-O-O d5 14. g4 dxe4 15.
g5 e3 16. gxf6 exd2+ 17. Qxd2 Bxf6 18. Qd6 Qxd6 19. Rxd6 Bg7 20. h3 Bh6+ 21.
Kd1 Bf5 22. h4 Bf4 23. h5 Rad8 24. Rxd8 Rxd8+ 25. Ke1 Nd3+ 26. Kf1 Nc1 27. hxg6
fxg6 28. Nh3 Bd2 29. Bf6 Re8 30. Ng1 Nxe2 31. Nxe2 Bd3 32. Rh2 Bf4 33. Rg2 Be5
0-1

[Event "III Open A"]
[Site "Padova ITA"]
[Date "2000.12.10"]
[Round "9"]
[White "Bracaglia, Carlo"]
[Black "Caruso, Augusto"]
[Result "0-1"]
[WhiteElo "2134"]
[BlackElo "2287"]
[PlyCount "100"]
[EventDate "2000.12.02"]

1. e4 e5 2. Nf3 Nc6 3. Bc4 Bc5 4. Nc3 d6 5. d3 h6 6. Nd5 Nce7 7. c3 Nxd5 8.
Bxd5 Nf6 9. Bb3 Qe7 10. h3 g5 11. Be3 Bb6 12. Qe2 Be6 13. O-O-O Nh5 14. g3
O-O-O 15. Bxb6 axb6 16. Nd2 Ng7 17. Nc4 f5 18. exf5 Bxf5 19. f4 gxf4 20. gxf4
b5 21. Nd2 Ne6 22. Bxe6+ Qxe6 23. fxe5 Bxh3 24. Qe3 Bf5 25. Nf3 Bg4 26. Rde1
Bxf3 27. Qxf3 Qxa2 28. e6 Rde8 29. Qf7 h5 30. Rhf1 h4 31. Qd7+ Kb8 32. Rf7 Rc8
33. Kc2 h3 34. Rh7 Rhd8 35. Qf7 Rf8 36. Qh5 Rf2+ 37. Re2 Qa4+ 38. Kd2 Rf1 39.
Re4 Qa1 40. Kc2 Rc1+ 41. Kd2 Qxb2+ 42. Ke3 Re1+ 43. Kf4 Rf1+ 44. Kg5 Rg8+ 45.
Rg7 Rxg7+ 46. Kh6 Re7 47. Qg5 Qc1 48. Re3 Rxe6+ 49. Rxe6 Qxg5+ 50. Kxg5 h2 0-1

[Event "III Open A"]
[Site "Padova ITA"]
[Date "2000.12.10"]
[Round "9"]
[White "Cacco, Christian"]
[Black "Del Monaco, Andrea"]
[Result "1/2-1/2"]
[WhiteElo "2267"]
[BlackElo "2077"]
[PlyCount "21"]
[EventDate "2000.12.02"]

1. d4 d6 2. Nf3 g6 3. g3 Bg7 4. Bg2 Nd7 5. Nbd2 e5 6. dxe5 dxe5 7. e4 Ngf6 8.
O-O O-O 9. Qe2 Re8 10. Rd1 Qe7 11. b3 1/2-1/2

[Event "III Open A"]
[Site "Padova ITA"]
[Date "2000.12.10"]
[Round "9"]
[White "Manca, Federico"]
[Black "Naumkin, Igor"]
[Result "1/2-1/2"]
[WhiteElo "2396"]
[BlackElo "2440"]
[PlyCount "20"]
[EventDate "2000.12.02"]

1. e4 e5 2. Nf3 Nc6 3. Bb5 a6 4. Bxc6 dxc6 5. O-O Qd6 6. Na3 Be6 7. Qe2 f6 8.
Rd1 c5 9. c3 Bg4 10. d3 Ne7 1/2-1/2

[Event "III Open A"]
[Site "Padova ITA"]
[Date "2000.12.10"]
[Round "9"]
[White "Mrdja, Milan"]
[Black "Genocchio, Daniele"]
[Result "1/2-1/2"]
[WhiteElo "2431"]
[BlackElo "2201"]
[PlyCount "65"]
[EventDate "2000.12.02"]

1. e4 c5 2. Nf3 Nc6 3. d4 cxd4 4. Nxd4 Nf6 5. Nc3 e5 6. Ndb5 d6 7. a4 Be7 8.
Bg5 a6 9. Bxf6 gxf6 10. Na3 f5 11. exf5 Bxf5 12. Bd3 Be6 13. Bc4 O-O 14. O-O
Kh8 15. Kh1 Rc8 16. Nd5 Nd4 17. Ba2 Rg8 18. c3 Nf5 19. Nc2 Bf8 20. Nce3 Qg5 21.
g3 Rg6 22. Bb1 Nxe3 23. Nxe3 Rh6 24. Qf3 d5 25. Rd1 e4 26. Qe2 Bc5 27. Ba2 Rd8
28. Rd2 Rh5 29. Rad1 Qh6 30. Nf1 Qg5 31. Ne3 Qh6 32. Nf1 Qg5 33. Ne3 1/2-1/2

[Event "III Open A"]
[Site "Padova ITA"]
[Date "2000.12.10"]
[Round "9"]
[White "Paragua, Mark"]
[Black "Zlochevskij, Alexander"]
[Result "1-0"]
[WhiteElo "2412"]
[BlackElo "2450"]
[PlyCount "93"]
[EventDate "2000.12.02"]

1. Nf3 g6 2. e4 Bg7 3. d4 d6 4. Nc3 Nf6 5. h3 O-O 6. Be3 c6 7. a4 Qa5 8. Bd3 e5
9. dxe5 dxe5 10. O-O Nbd7 11. Qd2 Re8 12. Rfd1 Nc5 13. Bc4 Qb4 14. Ba2 Be6 15.
Nd5 Qxd2 16. Nxf6+ Bxf6 17. Nxd2 Bxa2 18. Rxa2 Be7 19. Raa1 Red8 20. Kf1 Kf8
21. Ke2 Ke8 22. c3 f6 23. g3 Rd7 24. b4 Ne6 25. Nc4 Rxd1 26. Rxd1 b6 27. a5 b5
28. Nd6+ Kf8 29. Bh6+ Kg8 30. Nb7 Kf7 31. f4 exf4 32. gxf4 f5 33. Nd6+ Bxd6 34.
Rxd6 Rd8 35. Rxc6 fxe4 36. a6 Rd3 37. h4 Rd7 38. Ke3 Rc7 39. Rxc7+ Nxc7 40.
Kxe4 Ke6 41. Bg7 Nxa6 42. Be5 Kd7 43. Kd5 Nc7+ 44. Bxc7 Kxc7 45. Ke6 Kc6 46. h5
a6 47. hxg6 1-0